000
00310nam a22001217a 4500
008
230621b xxu||||| |||| 00| 0 eng d
082
_a
328.366
_b
LSS
100
_c
Lok Sabha Secretariat
245
_a
Handbook for Members
260
_a
New Delhi
_b
Lok Sabha Secretariat
_c
1980
300
_a
200p
942
_2
ddc
_c
BK
999
_c
2123
_d
2123